000 02176ncm0a22003851 4500
001 RU\NLR\ONIZ\223042
005 20250626102516.0
013 _a979-0-66003-569-6
021 _aRU
_b17-472н
_917-34н
035 _aRU\NLR\ONIZ\lanatalya\5000005701\20180214100621
035 _a(NLR Aleph) 011640944
090 _a11079227
_c11079227
100 _a20150331d2018 |||y0rusy50 ca
101 0 _arus
102 _aRU
125 _azx
145 0 _ab
200 1 _aКрохе-музыканту
_bНоты
_eконцерт. репертуар для самых маленьких
_hЧ. 3
_e[метод. пособие для обучения игре на фп. детей 4-6 лет]
_fИ. С. Королькова
210 _aРостов-на-Дону
_cФеникс
_d2018
215 _a55, [1] с.
_cил.
_d29 см
225 1 _aМои первые ноты
300 _aНа обороте тит. л. выпуск. данные: cop. 2017
313 _aСистематизация документа проведена по изданию - Методика классифицирования музыкальных произведений (нотных изданий) по таблицам Библиотечно-библиографических классификаций : метод. рекомендации / Гос. б-ка СССР им. В.И. Ленина.- М., 1977. Индексу ББК методических рекомендаций присваивается код ББК для научных библиотек - LBC/SL
606 1 _aОбучение игре на фортепиано детей младшего возраста
_yРоссия
_z20-21 век
_jНоты
_2nlr_sh
686 _aЩ985.429.1(2Р)
_vLBC/SL
_2rubbk
700 1 _9z01790
_aКоролькова
_bИ. С.
_gИрина Станиславовна
_4230
790 1 _9z01700
_aKorol`kova
_bI. S.
_gIrina Stanislavovna
_4230
801 0 _aRU
_bNLR
_c20150331
_gPSBO
801 1 _aRU
_bNLR
_c20150331
_2rusmarc
801 2 _aRU
_bNLR
_c20180514
852 _aNLR
_bМ
_jК-3/29336(3)
_pМОЭ 2017-34н/472н
_t1
942 _cSCORE
980 _aNB
980 _aONIZ